LIBRARY & INFORMATION CENTRE, KCAET, TAVANUR

ONLINE PUBLIC ACCESS CATALOGUE (OPAC)

Producing seeds of biennial vegetables in temperate regions / (Record no. 4874)

MARC details
000 -LEADER
fixed length control field 00482cam a2200169ua 4500
003 - CONTROL NUMBER IDENTIFIER
control field OSt
008 - FIXED-LENGTH DATA ELEMENTS--GENERAL INFORMATION
fixed length control field 240124b |||||||| |||| 00| 0 eng d
041 ## - LANGUAGE CODE
Language code of text/sound track or separate title eng
082 ## - DEWEY DECIMAL CLASSIFICATION NUMBER
Classification number 631.521
Item number VER/PR
082 ## - DEWEY DECIMAL CLASSIFICATION NUMBER
Classification number 634.9562
Item number VER/PR
100 ## - MAIN ENTRY--AUTHOR NAME
Personal name Verma, T. S
245 ## - TITLE STATEMENT
Title Producing seeds of biennial vegetables in temperate regions /
260 ## - PUBLICATION, DISTRIBUTION, ETC. (IMPRINT)
Place of publication New Delhi :
Name of publisher Indian Council for Agricultural Research ,
Year of publication 2000.
300 ## - PHYSICAL DESCRIPTION
Number of Pages 181 ; .
700 1# - ADDED ENTRY--PERSONAL NAME
Personal name Sharma, S C .
942 ## - ADDED ENTRY ELEMENTS (KOHA)
Koha item type Books
Holdings
Withdrawn status Lost status Damaged status Home library Current library Date acquired Full call number Accession Number Koha item type Shelving location Cost, normal purchase price
      KAUAET KAUAET 07/04/2012 631.521 20859 Books    
      KAUAET KAUAET 24/01/2024 631.521 VER/PR 20500 Books General Stacks 100.00
free website counter